00505 2200181 4500001002100000005001500021035002000036245006500056100002500121260004400146300002600190020002200216084001400238082000800252650001000260008004100270990001200311INLIS00000000000271220251007091754 a0010-09250000591 aThe Power Of Personality Development /cAnalisa Widyaningrum aAnalisa Widyaningrum aJakarta :bEsensi Erlangga Group,c2017 a158 ;c(14,5 x 21 cm) a978-602-0935-69-0 a100 ANA t a100 4aFiksi251007 0  a0754914